000 00575cam a22002295a 4500
001 L160198
008 181130s2018 xxk f 000 0 eng d
020 _a9781859468562
035 _a(Sirsi) u160198
041 0 _aeng
050 0 4 _a624.04 FOR
100 1 _aForward, Frances
245 0 0 _aArchitect's guide to NEC4
260 _aLondon
_bRIBA
_c2018
300 _a107p ; 21 cm
520 _aExplains NEC4 contract with a clause by clause breakdown.
590 _aKA
650 2 4 _aNEC4
651 4 _aUnited Kingdom
_y
690 _aContracts
_96232
942 _n0
999 _c116271
_d116271